A manual on the national land code and a manual on the land ( Group settlement areas ) Act 1960 : Edisi terhad Mei 2001
| Format: | Book |
|---|---|
| Language: | English |
| Published: |
Kuala Lumpur ,
2001
|
| Subjects: |
MARC
| LEADER | 00000cam a2200000 7i4500 | ||
|---|---|---|---|
| 001 | 0000009487 | ||
| 005 | 20161205.0 | ||
| 008 | 161130 my eng | ||
| 040 | |a INS | ||
| 090 | 0 | 0 | |a HD1251 |b M36 2001 |
| 245 | 1 | 2 | |a A manual on the national land code and a manual on the land ( Group settlement areas ) Act 1960 : |b Edisi terhad Mei 2001 |
| 260 | |a Kuala Lumpur , |c 2001 | ||
| 300 | |a m/s pelb. ; |c 30 cm. | ||
| 650 | 0 | |a Land tenure |x Law and legislatioj |z Malaysia |x Handbooks, manuals, etc. | |
| 999 | |a 0000024197 |b BOOK |c Open Shelf |e Default branch | ||